Monoiónové formy prírodných zeolitov

Bibliographic Details
Main Author: Lišhák, P. (Author)
Format: Article
Language:Slovak
Subjects:

MARC

LEADER 00000nab a2200000 a 4500
001 vtls000421993
003 SK-MaSNL
005 20260304213455.0
008 120925c1988 xo 0 slo
015 |a SNBRA19rr/mm-uuuuu 
035 |a CL0422121 
040 |a SNKBUCL  |b slo  |c SNKBUCL  |e AACR2 
041 0 |a slo 
044 |a xo  |c SK 
080 |a 549.67  |2 1981 
080 |a 66  |2 1981 
100 1 |a Lišhák, P.  |4 aut  |9 1546431 
245 1 0 |a Monoiónové formy prírodných zeolitov  |c P. Lišhák 
650 0 7 |a zeolity  |2 snkbucl  |9 15712 
655 7 |a články zo zborníkov  |2 snkbucl  |9 166140 
773 0 |t INTERPROGRES 88. Nové suroviny, materiály, výrobky a technológie pri Medzinárodnom chemickom veľtrhu INCHEBA 88  |d Bratislava : Dom techniky ČSVTS, 1988 
850 |a Slovenská národná knižnica v Martine  |a MTA001 
852 |a SNK  |b KIS3GCP 
958 |a RK 
992 |a RZB 
999 |c 3136136  |d 3138066